Hỏi-đáp về lao động Việt Nam làm việc cho các tổ chức, cá nhân nước ngoài tại Việt Nam

Saved in:
Bibliographic Details
Main Author: Lê Trung
Format: Book
Language:Undetermined
Published: Tp. HCM Nxb. Tp. HCM 2000
Subjects:
Tags: Add Tag
No Tags, Be the first to tag this record!
Institutions: Trung tâm Học liệu Trường Đại học Cần Thơ
LEADER 00568nam a2200169Ia 4500
001 CTU_40357
008 210402s9999 xx 000 0 und d
082 |a 344.59701 
082 |b Tr513 
100 |a Lê Trung 
245 0 |a Hỏi-đáp về lao động Việt Nam làm việc cho các tổ chức, cá nhân nước ngoài tại Việt Nam 
245 0 |c Lê Trung 
260 |a Tp. HCM 
260 |b Nxb. Tp. HCM 
260 |c 2000 
650 |a labor laws and legislation - vietnam 
980 |a Trung tâm Học liệu Trường Đại học Cần Thơ